00506nam a22000977a 4500008004100000082001600041100010500057245022000162260001700382300000900399230619b xxu||||| |||| 00| 0 eng d a016.32bSCH cCharles E. Schamel, Mary Rephlo, Rodney Ross,David Kepley, Robert W.Coren and James Gregory Bradsher aGuide to the Records of the United States House of Representatives at the National Archivesb1789-1989cBicentennial EditionhPrepared under the Directional of Donald K.Anderson Clerk of the House of Representatives cJanuary 1989 a466p